Subdivision capitals closest to Mainz (DE) - Statistics

General Stats
  • This quiz has been taken 34 times
  • The average score is 8 of 20
Answer Stats
Distance (km) Answer % Correct
3 151 Stuttgart
92%
6 173 Düsseldorf
88%
1 9 Wiesbaden
88%
2 125 Saarbrücken
79%
4 160 Luxemburg/Lëtzebuerg/Luxembourg
75%
11 223 Erfurt
63%
5 162 Strasbourg
63%
9 205 Liège/Lüttich
50%
19 276 Basel
46%
10 211 Maastricht
25%
14 257 Schaffhausen
25%
7 174 Esch-sur-Alzette
21%
13 248 Namur
17%
15 271 Leuven
13%
8 180 Arlon
8%
20 281 's-Hertogenbosch
8%
18 276 Arnhem
4%
17 276 Frauenfeld
4%
12 232 Hasselt
4%
16 272 Wavre
4%
No matching quizzes found
Score Distribution
Percent of People with Each Score
Percentile by Number Answered
Your Score History
You have not taken this quiz